Les grands événements de 1994 - Statistiques

Statistiques générales
  • Ce quiz a été pris 11 fois
  • Le résultat moyen est 3 sur 15
Statistiques - réponses
Hint Extra Hint Réponse % Correct
Le Brésil gagne la coupe du monde de football Etats-Unis / Brésil 17 juillet
50%
Détournement d'un Airbus Air France
France / Algérie 24 décembre
40%
Inauguration du tunnel sous la Manche France / Royaume-Uni 6 mai
40%
Le Mexique rejoint l'OCDE Mexique 18 mai
30%
Entrée en vigueur du nouveau code pénal France 1er mars
30%
Première ordinations de femmes prêtre anglicanes Royaume-Uni 12 mars
20%
Signature des accords du Kremlin Etats-Unis / Russie 14 janvier
20%
Indépendance des Palaos Palaos 1er octobre
20%
Eruption du Popocatépetl Mexique 21 décembre
20%
Assassinat de 4 Pères blancs près de Tizi Ouzou Algérie 27 décembre
20%
Assassinat de Cheb Hasni, chanteur Algérie 29 septembre
20%
Mort de Kim-Il-Sung Corée-du-Nord 8 juillet
10%
Départ des troupes occidentales de Berlin France / Etats-Unis / Royaume-Uni 8 septembre
10%
Apparition du mouvement des Talibans Afghanistan 29 octobre
0%
Incendie du Palais du parlement de Bretagne France 5 février
0%
Aucun quiz correspondant
Distribution des résultats
% des personnes avec chaque résultat
Percentile par nombre de réponses
Votre historique - résultats
Vous n’avez pas pris ce quiz